| 000 | 00920 a2200217 4500 | ||
|---|---|---|---|
| 005 | 20080908115517.0 | ||
| 008 | 080908t xxu||||| |||| 00| 0 eng d | ||
| 010 | _aENG-87607 | ||
| 020 |
_c450.00 _a0070659745 |
||
| 035 | _aEN-71140 | ||
| 037 | _bD.B.Act / Pub | ||
| 082 | _a658.4092 | ||
| 100 | _aDaniels, Aubrey C. | ||
| 245 |
_aMeasure of a leader _cby Aurbrey C. Daniels and James E. Daniels _bthe legendary leadership formula for producing exceptional performers and outstanding results |
||
| 260 |
_aNew Delhi _bTata McGraw-Hill Publishing _c2007 |
||
| 270 |
_a7, West Patel Nagar _bNew Delhi _e110008 |
||
| 300 |
_ax, 208 p. _c22 cm. (Hb). |
||
| 500 | _aIncludes index | ||
| 942 |
_adpl _cEN _k658.4092 / DAN _2ddc _h658.4092 _mDAN |
||
| 999 |
_c6743 _d6743 |
||